| 000 | 00657nam a22002417a 4500 | ||
|---|---|---|---|
| 001 | 13363890 | ||
| 003 | OSt | ||
| 005 | 20211029024003.0 | ||
| 008 | 170209b xxu||||| |||| 00| 0 eng d | ||
| 010 | _a 2003066680 | ||
| 020 | _a1400062322 (acidfree paper) | ||
| 040 |
_aMMU _cMMU _dMMU _beng |
||
| 050 | 0 | 0 |
_aCB19 _b.J33 2004 |
| 100 | 1 |
_aJacobs, Jane, _d1916-2006. |
|
| 245 | 1 | 0 |
_aDark age ahead / _cJane Jacobs. |
| 250 | _a1st ed. | ||
| 260 |
_aNew York : _bRandom House, _cc2004. |
||
| 300 |
_a241 p. : _c22 cm. |
||
| 500 | _aIncludes index. | ||
| 650 | 0 | _aRegression (Civilization) | |
| 650 | 0 |
_aCivilization _xPhilosophy. |
|
| 942 |
_2lcc _cLOAN LOAN |
||
| 999 |
_c22349 _d22349 |
||